[Event "CZE-chT2C 1819"]
[Site "Czech Republic"]
[Date "2019.03.17"]
[Round "10.3"]
[White "Horak, Otakar"]
[Black "Svatos, Jan"]
[Result "0-1"]
[WhiteElo "2107"]
[BlackElo "2261"]
[PlyCount "42"]
[EventDate "2018.10.14"]
[EventType "team-tourn"]
[EventRounds "11"]
[EventCountry "CZE"]
[SourceTitle "EXT 2022"]
[Source "ChessBase"]
[SourceDate "2021.10.06"]
[SourceVersion "1"]
[SourceVersionDate "2021.10.06"]
[SourceQuality "1"]
[WhiteTeam "Mlada Boleslav"]
[BlackTeam "Praha Vrsovice"]
[WhiteTeamCountry "CZE"]
[BlackTeamCountry "CZE"]

1. d4 f5 2. Nf3 Nf6 3. e3 e6 4. b3 b6 5. Bb2 Bb7 6. Be2 Be7 7. c4 0-0 8. Nc3 Ne4 9. 0-0 Nxc3 10. Bxc3 d6 11. Qc2 c5 12. Rad1 Nd7 13. dxc5 bxc5 14. Nd2 Nf6 15. Bd3 Qe8 16. e4 Qg6 17. f3 Nh5 18. exf5 exf5 19. g4 Nf4 20. Rde1 Qxg4+ 21. fxg4 Nh3# 0-1

[Event "CZE-chT2C 1819"]
[Site "Czech Republic"]
[Date "2019.02.10"]
[Round "8.3"]
[White "Horak, Otakar"]
[Black "Cerny, Martin"]
[Result "1-0"]
[WhiteElo "2107"]
[BlackElo "2157"]
[PlyCount "81"]
[EventDate "2018.10.14"]
[EventType "team-tourn"]
[EventRounds "11"]
[EventCountry "CZE"]
[SourceTitle "EXT 2022"]
[Source "ChessBase"]
[SourceDate "2021.10.06"]
[SourceVersion "1"]
[SourceVersionDate "2021.10.06"]
[SourceQuality "1"]
[WhiteTeam "Mlada Boleslav"]
[BlackTeam "Liberec Desko"]
[WhiteTeamCountry "CZE"]
[BlackTeamCountry "CZE"]

1. d4 Nf6 2. c4 c5 3. Nf3 cxd4 4. Nxd4 e5 5. Nc2 d5 6. cxd5 Qxd5 7. Qxd5 Nxd5 8. e4 Nb4 9. Nxb4 Bxb4+ 10. Nc3 0-0 11. Bc4 Be6 12. Bxe6 fxe6 13. Be3 Nc6 14. 0-0 Nd4 15. Bxd4 exd4 16. Nb5 d3 17. Rad1 Rfd8 18. Nc7 Rac8 19. Nxe6 Rd6 20. Nf4 d2 21. Nd5 Rxd5 22. exd5 Rc2 23. a3 Bc5 24. b4 Bb6 25. g3 Kf7 26. Kg2 g5 27. Kf3 Rc3+ 28. Ke2 Rxa3 29. Rxd2 Rb3 30. d6 Rxb4 31. d7 Ke7 32. Kf3 g4+ 33. Kg2 Kd8 34. f4 Rd4 35. Rxd4 Bxd4 36. f5 Bf6 37. Rd1 Be7 38. Kf2 b5 39. Ke3 a5 40. Kf4 a4 41. Ke5 1-0

[Event "CZE-chT2C 1819"]
[Site "Czech Republic"]
[Date "2019.01.13"]
[Round "6.2"]
[White "Duczynski, Martin"]
[Black "Horak, Otakar"]
[Result "1/2-1/2"]
[WhiteElo "2126"]
[BlackElo "2107"]
[PlyCount "90"]
[EventDate "2018.10.14"]
[EventType "team-tourn"]
[EventRounds "11"]
[EventCountry "CZE"]
[SourceTitle "EXT 2022"]
[Source "ChessBase"]
[SourceDate "2021.10.06"]
[SourceVersion "1"]
[SourceVersionDate "2021.10.06"]
[SourceQuality "1"]
[WhiteTeam "Jicin"]
[BlackTeam "Mlada Boleslav"]
[WhiteTeamCountry "CZE"]
[BlackTeamCountry "CZE"]

1. d4 d5 2. Bg5 Nf6 3. e3 e6 4. Bd3 Be7 5. Nd2 Nbd7 6. f4 c5 7. c3 b6 8. Ngf3 Bb7 9. Ne5 0-0 10. Qf3 Ne8 11. Qh3 f5 12. Bxe7 Qxe7 13. g4 Nd6 14. gxf5 exf5 15. Rg1 Nxe5 16. fxe5 Ne4 17. Qg2 c4 18. Be2 b5 19. a3 a5 20. Nxe4 dxe4 21. Qg5 Qxg5 22. Rxg5 Bd5 23. Kd2 Ra6 24. Rag1 Rf7 25. Bh5 g6 26. Be2 Rg7 27. Rb1 Rb6 28. h4 h6 29. Rg3 Kh7 30. Rf1 h5 31. Rfg1 Rgb7 32. Bd1 Rc7 33. Rg5 Rf7 34. Rf1 Kh6 35. Rf2 Rc6 36. Rg1 Rb7 37. Bc2 Rcb6 38. Rg5 Rf7 39. Bd1 Rc6 40. Kc1 Rb6 41. Bc2 Rc6 42. Rg1 Rb7 43. Kb1 Rcb6 44. Kc1 a4 45. Rg5 Rf7 1/2-1/2

[Event "CZE-chT2B 1718"]
[Site "Czech Republic"]
[Date "2018.04.08"]
[Round "11.1"]
[White "Horak, Otakar"]
[Black "Mudra, Pavel"]
[Result "1/2-1/2"]
[WhiteElo "2124"]
[BlackElo "2245"]
[PlyCount "24"]
[EventDate "2017.10.15"]
[EventType "team-tourn"]
[EventRounds "11"]
[EventCountry "CZE"]
[SourceTitle "EXT 2022"]
[Source "ChessBase"]
[SourceDate "2021.10.06"]
[SourceVersion "1"]
[SourceVersionDate "2021.10.06"]
[SourceQuality "1"]
[WhiteTeam "Mlada Boleslav"]
[BlackTeam "Bakov nad Jizerou"]
[WhiteTeamCountry "CZE"]
[BlackTeamCountry "CZE"]

1. d4 Nf6 2. Nf3 e6 3. c3 c5 4. e3 b6 5. Bd3 Bb7 6. Nbd2 d5 7. 0-0 Be7 8. b3 0-0 9. Bb2 cxd4 10. cxd4 Ba6 11. Qe2 Bxd3 12. Qxd3 Nc6 1/2-1/2

[Event "CZE-chT2B 1617"]
[Site "Czech Republic"]
[Date "2017.02.12"]
[Round "8.4"]
[White "Hulin, Petr"]
[Black "Horak, Otakar"]
[Result "1/2-1/2"]
[WhiteElo "2111"]
[BlackElo "2124"]
[PlyCount "22"]
[EventDate "2016.10.09"]
[EventType "team-tourn"]
[EventRounds "11"]
[EventCountry "CZE"]
[SourceTitle "EXT 2022"]
[Source "ChessBase"]
[SourceDate "2021.10.06"]
[SourceVersion "1"]
[SourceVersionDate "2021.10.06"]
[SourceQuality "1"]
[WhiteTeam "Bakov nad Jizerou"]
[BlackTeam "Mlada Boleslav"]
[WhiteTeamCountry "CZE"]
[BlackTeamCountry "CZE"]

1. d4 d5 2. Nf3 Nf6 3. e3 Bf5 4. Bd3 Bxd3 5. Qxd3 Nbd7 6. Nbd2 e6 7. b3 Be7 8. 0-0 0-0 9. Bb2 h6 10. Ne5 Nxe5 11. dxe5 Nd7 1/2-1/2

[Event "CZE-chT2B 1617"]
[Site "Czech Republic"]
[Date "2016.10.30"]
[Round "2.3"]
[White "Schula, Michal"]
[Black "Horak, Otakar"]
[Result "1-0"]
[WhiteElo "2316"]
[BlackElo "2124"]
[PlyCount "79"]
[EventDate "2016.10.09"]
[EventType "team-tourn"]
[EventRounds "11"]
[EventCountry "CZE"]
[SourceTitle "EXT 2022"]
[Source "ChessBase"]
[SourceDate "2021.10.06"]
[SourceVersion "1"]
[SourceVersionDate "2021.10.06"]
[SourceQuality "1"]
[WhiteTeam "Jicin IV"]
[BlackTeam "Mlada Boleslav"]
[WhiteTeamCountry "CZE"]
[BlackTeamCountry "CZE"]

1. e4 c5 2. Nf3 d6 3. Bb5+ Nc6 4. 0-0 Bd7 5. Re1 e5 6. c3 a6 7. Bf1 Nf6 8. h3 Qc7 9. d4 Be7 10. a3 0-0 11. b4 h6 12. bxc5 dxc5 13. dxe5 Nxe5 14. Nxe5 Qxe5 15. f4 Qc7 16. c4 Rad8 17. Qf3 b5 18. Bb2 Bc6 19. Nc3 bxc4 20. Bxc4 Rd2 21. Rab1 Rb8 22. Ba1 Rbd8 23. Qe3 R2d4 24. Bd5 Bxd5 25. exd5 Bd6 26. Ne2 Re4 27. Qg3 Bxf4 28. Nxf4 Qxf4 29. Qxf4 Rxf4 30. Be5 Re4 31. Bxf6 Rxe1+ 32. Rxe1 gxf6 33. Rd1 Rd6 34. Kf2 f5 35. Ke3 Kg7 36. Kf4 Kf6 37. Rb1 Kg6 38. Ke5 Rd8 39. Rb6+ Kg5 40. d6 1-0

[Event "CZE-chT2B 1516"]
[Site "Czech Republic"]
[Date "2016.02.21"]
[Round "8.4"]
[White "Horak, Otakar"]
[Black "Kryspin, Libor"]
[Result "1/2-1/2"]
[WhiteElo "2132"]
[BlackElo "2126"]
[PlyCount "29"]
[EventDate "2015.10.18"]
[EventType "team-tourn"]
[EventRounds "11"]
[EventCountry "CZE"]
[SourceTitle "EXT 2022"]
[Source "ChessBase"]
[SourceDate "2021.10.06"]
[SourceVersion "1"]
[SourceVersionDate "2021.10.06"]
[SourceQuality "1"]
[WhiteTeam "Mlada Boleslav"]
[BlackTeam "Bakov nad Jizerou"]
[WhiteTeamCountry "CZE"]
[BlackTeamCountry "CZE"]

1. d4 d5 2. c4 e6 3. Nc3 f5 4. Nf3 Nf6 5. Bf4 Bd6 6. e3 c6 7. Qc2 0-0 8. Be2 Ne4 9. 0-0 Bxf4 10. exf4 Qd6 11. g3 Nd7 12. Rad1 b6 13. Rfe1 Bb7 14. a3 Rac8 15. Ne5 1/2-1/2

[Event "CZE-chT2B 1516"]
[Site "Czech Republic"]
[Date "2015.11.22"]
[Round "3.4"]
[White "Horak, Otakar"]
[Black "Urban, Zdenek"]
[Result "0-1"]
[WhiteElo "2132"]
[BlackElo "2127"]
[PlyCount "96"]
[EventDate "2015.10.18"]
[EventType "team-tourn"]
[EventRounds "11"]
[EventCountry "CZE"]
[SourceTitle "EXT 2022"]
[Source "ChessBase"]
[SourceDate "2021.10.06"]
[SourceVersion "1"]
[SourceVersionDate "2021.10.06"]
[SourceQuality "1"]
[WhiteTeam "Mlada Boleslav"]
[BlackTeam "Jicin III"]
[WhiteTeamCountry "CZE"]
[BlackTeamCountry "CZE"]

1. d4 d5 2. c4 c6 3. cxd5 cxd5 4. Nf3 Nc6 5. Nc3 Nf6 6. Bf4 e6 7. e3 Bb4 8. Bd3 Qa5 9. Qb3 0-0 10. 0-0 a6 11. Rac1 Nh5 12. Bg3 Nxg3 13. hxg3 Bd7 14. a3 Bxc3 15. Qxc3 Rfc8 16. b4 Qd8 17. Qb2 Na7 18. Rc5 Bb5 19. Bxb5 Nxb5 20. Rfc1 Nd6 21. Nd2 Qd7 22. R1c2 b6 23. Rxc8+ Rxc8 24. Qc1 h5 25. Rxc8+ Qxc8 26. Qxc8+ Nxc8 27. Kf1 Nd6 28. a4 Kf8 29. Ke2 Ke7 30. Kd3 f6 31. Kc3 Ne4+ 32. Nxe4 dxe4 33. Kc4 Kd6 34. Kc3 b5 35. axb5 axb5 36. Kb3 e5 37. Kc3 Kd5 38. dxe5 Kxe5 39. Kd2 g5 40. Kc3 f5 41. Kd2 f4 42. gxf4+ gxf4 43. Kc3 fxe3 44. fxe3 h4 45. Kd2 Kf5 46. Ke2 Kg4 47. Kf2 h3 48. Kf1 h2 0-1

[Event "CZE-chT2B 1415"]
[Site "Czech Republic"]
[Date "2015.03.15"]
[Round "9.4"]
[White "Horak, Otakar"]
[Black "Frana, Tomas"]
[Result "1/2-1/2"]
[WhiteElo "2108"]
[BlackElo "1982"]
[PlyCount "48"]
[EventDate "2014.11.02"]
[EventType "team-tourn"]
[EventRounds "11"]
[EventCountry "CZE"]
[SourceTitle "EXT 2022"]
[Source "ChessBase"]
[SourceDate "2021.10.06"]
[SourceVersion "1"]
[SourceVersionDate "2021.10.06"]
[SourceQuality "1"]
[WhiteTeam "Mlada Boleslav"]
[BlackTeam "Liberec Lokomotiva"]
[WhiteTeamCountry "CZE"]
[BlackTeamCountry "CZE"]

1. d4 Nf6 2. c4 g6 3. Nc3 Bg7 4. Nf3 0-0 5. g3 d6 6. Bg2 Nbd7 7. 0-0 e5 8. h3 exd4 9. Nxd4 Re8 10. e4 Nc5 11. Re1 Bd7 12. Kh2 h5 13. Bg5 Ng4+ 14. hxg4 Qxg5 15. gxh5 Bg4 16. f3 Qxh5+ 17. Kg1 Bd7 18. Nde2 Ne6 19. Qd3 Qc5+ 20. Kf1 a6 21. Rac1 Rad8 22. Rc2 Ng5 23. Nf4 Ne6 24. Nfe2 Ng5 1/2-1/2

[Event "CZE-chT2B 1415"]
[Site "Czech Republic"]
[Date "2015.02.22"]
[Round "8.4"]
[White "Hamala, Miroslav"]
[Black "Horak, Otakar"]
[Result "0-1"]
[WhiteElo "1954"]
[BlackElo "2108"]
[PlyCount "90"]
[EventDate "2014.11.02"]
[EventType "team-tourn"]
[EventRounds "11"]
[EventCountry "CZE"]
[SourceTitle "EXT 2022"]
[Source "ChessBase"]
[SourceDate "2021.10.06"]
[SourceVersion "1"]
[SourceVersionDate "2021.10.06"]
[SourceQuality "1"]
[WhiteTeam "Most Chess II"]
[BlackTeam "Mlada Boleslav"]
[WhiteTeamCountry "CZE"]
[BlackTeamCountry "CZE"]

1. e4 c5 2. c3 Nf6 3. e5 Nd5 4. d4 cxd4 5. Nf3 Nc6 6. cxd4 d6 7. Nc3 Nxc3 8. bxc3 e6 9. Bd3 dxe5 10. dxe5 Be7 11. 0-0 Qc7 12. Qe2 0-0 13. Qe4 g6 14. Bh6 Rd8 15. Rad1 Bd7 16. Rfe1 Be8 17. Qg4 Rd5 18. Bf4 Rad8 19. Bc2 Rxd1 20. Rxd1 Rxd1+ 21. Bxd1 Qa5 22. h4 h5 23. Qh3 Qxc3 24. Bb3 Nd4 25. Nxd4 Qxd4 26. Qg3 a6 27. Bg5 Qd8 28. Qf4 Bc6 29. Bf6 Kh7 30. Qg5 Bxf6 31. exf6 Qd4 32. Bc2 Qd5 33. Qg3 Qxa2 34. Qc3 Qd5 35. f3 Qd6 36. Qe3 Qd5 37. Qb6 Qd2 38. Qb2 Qf4 39. Qc3 Qxh4 40. Bb3 Qf4 41. Bc4 h4 42. Bxa6 Bxf3 43. Bd3 Qe3+ 44. Kh1 Be4 45. Qc7 Qh3+ 0-1

[Event "CZE-chT2B 1415"]
[Site "Czech Republic"]
[Date "2015.01.11"]
[Round "5.4"]
[White "Horak, Otakar"]
[Black "Vales, Vaclav"]
[Result "1/2-1/2"]
[WhiteElo "2108"]
[BlackElo "2164"]
[PlyCount "39"]
[EventDate "2014.11.02"]
[EventType "team-tourn"]
[EventRounds "11"]
[EventCountry "CZE"]
[SourceTitle "EXT 2022"]
[Source "ChessBase"]
[SourceDate "2021.10.06"]
[SourceVersion "1"]
[SourceVersionDate "2021.10.06"]
[SourceQuality "1"]
[WhiteTeam "Mlada Boleslav"]
[BlackTeam "Decin"]
[WhiteTeamCountry "CZE"]
[BlackTeamCountry "CZE"]

1. d4 d5 2. c4 c6 3. Nf3 Nf6 4. Nc3 e6 5. e3 Nbd7 6. Bd3 Bb4 7. 0-0 0-0 8. Qc2 dxc4 9. Bxc4 Qe7 10. a3 Bd6 11. Bd2 e5 12. Bd3 Re8 13. dxe5 Nxe5 14. Nxe5 Bxe5 15. h3 b6 16. Rad1 Bd7 17. Rfe1 g6 18. e4 Rad8 19. Bg5 Qc5 20. Be3 1/2-1/2

[Event "CZE-chT2B 1415"]
[Site "Czech Republic"]
[Date "2014.12.14"]
[Round "4.3"]
[White "Horak, Otakar"]
[Black "Jurek, Josef"]
[Result "1/2-1/2"]
[WhiteElo "2108"]
[BlackElo "2301"]
[PlyCount "89"]
[EventDate "2014.11.02"]
[EventType "team-tourn"]
[EventRounds "11"]
[EventCountry "CZE"]
[SourceTitle "EXT 2022"]
[Source "ChessBase"]
[SourceDate "2021.10.06"]
[SourceVersion "1"]
[SourceVersionDate "2021.10.06"]
[SourceQuality "1"]
[WhiteTeam "Mlada Boleslav"]
[BlackTeam "Jicin III"]
[WhiteTeamCountry "CZE"]
[BlackTeamCountry "CZE"]

1. f4 c5 2. Nf3 g6 3. e3 Bg7 4. d4 Nf6 5. Bd3 Nc6 6. 0-0 0-0 7. c3 d6 8. Bc2 e5 9. d5 Ne7 10. e4 Bg4 11. fxe5 dxe5 12. c4 Ne8 13. Be3 b6 14. Nc3 Nd6 15. b3 f5 16. Qe1 h6 17. h3 Bh5 18. Nd2 f4 19. Bf2 g5 20. Bd1 Bf7 21. Bf3 Kh7 22. Qe2 Qe8 23. Kh2 Ng8 24. Nb5 Qe7 25. g4 Nb7 26. Kg2 Be8 27. Rh1 Bf6 28. Rhd1 Qd8 29. Nf1 a6 30. Nc3 Nd6 31. a4 Qc7 32. Ra2 Kg7 33. Rda1 Be7 34. Nd2 Nf6 35. Rb1 Nb7 36. Rh1 Rh8 37. Nf1 h5 38. Nh2 hxg4 39. Nxg4 Bd7 40. Nxf6 Bxf6 41. Bg4 Rh6 42. Bxd7 Qxd7 43. Qg4 Qxg4+ 44. hxg4 Rxh1 45. Kxh1 1/2-1/2

[Event "CZE-chT2B 1213"]
[Site "Czech Republic"]
[Date "2012.12.02"]
[Round "4.6"]
[White "Horak, Otakar"]
[Black "Novotny, Jaroslav"]
[Result "1/2-1/2"]
[WhiteElo "2123"]
[BlackElo "2165"]
[PlyCount "82"]
[EventDate "2012.10.14"]
[EventType "team-tourn"]
[EventRounds "11"]
[EventCountry "CZE"]
[SourceTitle "EXT 2015"]
[Source "ChessBase"]
[SourceDate "2014.11.20"]
[SourceVersion "1"]
[SourceVersionDate "2014.11.20"]
[SourceQuality "1"]
[WhiteTeam "Mlada Boleslav"]
[BlackTeam "Jicin II"]
[WhiteTeamCountry "CZE"]
[BlackTeamCountry "CZE"]

1. d4 d5 2. c4 c6 3. Nc3 Nf6 4. Nf3 e6 5. e3 Nbd7 6. Qc2 Bd6 7. Bd3 0-0 8. 0-0 e5 9. cxd5 cxd5 10. Nb5 Bb8 11. dxe5 Nxe5 12. Nxe5 Bxe5 13. Nd4 Re8 14. Nf3 Bb8 15. Bf5 Be6 16. b3 Qd7 17. Bxe6 fxe6 18. Bb2 e5 19. Rfd1 e4 20. Ne1 Be5 21. Rac1 Rac8 22. Qd2 Qe6 23. Bxe5 Qxe5 24. h3 h6 25. Nc2 Qb2 26. Kf1 Qxa2 27. Ke1 Qb2 28. Nd4 Qxd2+ 29. Kxd2 a6 30. Nf5 Rc6 31. Rxc6 bxc6 32. Rc1 Rb8 33. Rxc6 Rxb3 34. Rxa6 Rb2+ 35. Ke1 Rb1+ 36. Ke2 Rb2+ 37. Kf1 Rb1+ 38. Ke2 Rb2+ 39. Kf1 Rb1+ 40. Ke2 Rb2+ 41. Kf1 Rb1+ 1/2-1/2

[Event "CZE-chT2B 1213"]
[Site "Czech Republic"]
[Date "2012.11.04"]
[Round "2.7"]
[White "Hubacek, Ondrej"]
[Black "Horak, Otakar"]
[Result "1-0"]
[WhiteElo "1992"]
[BlackElo "2123"]
[PlyCount "55"]
[EventDate "2012.10.14"]
[EventType "team-tourn"]
[EventRounds "11"]
[EventCountry "CZE"]
[SourceTitle "EXT 2015"]
[Source "ChessBase"]
[SourceDate "2014.11.20"]
[SourceVersion "1"]
[SourceVersionDate "2014.11.20"]
[SourceQuality "1"]
[WhiteTeam "Horice"]
[BlackTeam "Mlada Boleslav"]
[WhiteTeamCountry "CZE"]
[BlackTeamCountry "CZE"]

1. e4 c5 2. Nf3 e6 3. d3 Nc6 4. g3 g6 5. Bg2 Bg7 6. 0-0 Nge7 7. c3 d5 8. Nbd2 0-0 9. Qe2 Qc7 10. Re1 b6 11. e5 Ba6 12. Nf1 d4 13. c4 b5 14. b3 bxc4 15. bxc4 Rab8 16. h3 Rb6 17. N1h2 Rfb8 18. Ng4 Nf5 19. Nf6+ Bxf6 20. exf6 Qd8 21. g4 Nd6 22. Ne5 Nxe5 23. Qxe5 Ne8 24. Qxc5 Rc8 25. Qa5 Nxf6 26. Bg5 Kg7 27. c5 Rd6 28. Qa3 1-0

[Event "CZE-chT2C 0910"]
[Site "Czech Republic"]
[Date "2010.04.18"]
[Round "11.7"]
[White "Horak, Otakar"]
[Black "Marek, Miroslav"]
[Result "0-1"]
[WhiteElo "2149"]
[BlackElo "2115"]
[PlyCount "83"]
[EventDate "2009.10.18"]
[EventType "team-tourn"]
[EventRounds "11"]
[EventCountry "CZE"]
[SourceTitle "EXT 2011"]
[Source "ChessBase"]
[SourceDate "2010.11.26"]
[SourceVersion "1"]
[SourceVersionDate "2010.11.26"]
[SourceQuality "1"]
[WhiteTeam "Mlada Boleslav"]
[BlackTeam "Kolin"]
[WhiteTeamCountry "CZE"]
[BlackTeamCountry "CZE"]

1. d4 Nf6 2. c4 c5 3. e3 e6 4. Nc3 d5 5. Nf3 Nc6 6. a3 a6 7. dxc5 Bxc5 8. b4 Ba7 9. Bb2 0-0 10. cxd5 exd5 11. Be2 d4 12. exd4 Nxd4 13. Nxd4 Bxd4 14. 0-0 Ne4 15. Qc2 Bf5 16. Bd3 Nxc3 17. Bxf5 Qf6 18. Bxc3 Bxc3 19. Rac1 Bb2 20. Rb1 Bd4 21. Bxh7+ Kh8 22. Be4 Rac8 23. Qd1 g6 24. Bxb7 Rc3 25. a4 Kg7 26. Rc1 Ra3 27. Rc6 Qe5 28. Re1 Qf4 29. Rc2 Rd8 30. Qe2 Rxa4 31. Bxa6 Rd6 32. Bc4 Rxb4 33. g3 Qf6 34. Kg2 Rdb6 35. Qf3 Qxf3+ 36. Kxf3 Rb2 37. Bd3 Rf6+ 38. Kg4 Rxc2 39. Bxc2 Rxf2 40. Bb3 Rxh2 41. Rd1 f5+ 42. Kg5 0-1

[Event "CZE-chT2C 0910"]
[Site "Czech Republic"]
[Date "2010.03.14"]
[Round "9.6"]
[White "Hacha, Ales"]
[Black "Horak, Otakar"]
[Result "0-1"]
[WhiteElo "2188"]
[BlackElo "2149"]
[PlyCount "152"]
[EventDate "2009.10.18"]
[EventType "team-tourn"]
[EventRounds "11"]
[EventCountry "CZE"]
[SourceTitle "EXT 2011"]
[Source "ChessBase"]
[SourceDate "2010.11.26"]
[SourceVersion "1"]
[SourceVersionDate "2010.11.26"]
[SourceQuality "1"]
[WhiteTeam "Turnov Zikuda II"]
[BlackTeam "Mlada Boleslav"]
[WhiteTeamCountry "CZE"]
[BlackTeamCountry "CZE"]

1. Nf3 d5 2. g3 Nf6 3. Bg2 g6 4. 0-0 Bg7 5. d3 0-0 6. Nbd2 c5 7. c3 Nc6 8. e4 e5 9. Re1 h6 10. Qc2 Re8 11. Nf1 Be6 12. exd5 Nxd5 13. Be3 b6 14. Rad1 Rc8 15. Qa4 Qc7 16. Bc1 Rcd8 17. Qh4 g5 18. Qa4 Bf5 19. Ne3 Nxe3 20. Rxe3 Re6 21. Ne1 Bg6 22. g4 Ne7 23. Qc4 Qd7 24. Be4 Nd5 25. Rf3 Nf4 26. Bxf4 exf4 27. Bxg6 Rxg6 28. h3 Re6 29. d4 cxd4 30. Rfd3 Qe8 31. Nf3 Rc8 32. Qb4 dxc3 33. bxc3 Re4 34. Qb3 Rec4 35. Nd4 Qe4 36. Nf5 Rxc3 37. Qxf7+ Kxf7 38. Nd6+ Ke7 39. Nxe4 Rxd3 40. Rxd3 Rd8 41. Rxd8 Kxd8 42. Nd6 Kd7 43. Nf5 Bf8 44. Kf1 Kc6 45. Ke2 Kc5 46. Kd3 Kb4 47. Nd4 a6 48. Nc2+ Kc5 49. Nd4 Kd5 50. f3 b5 51. Nf5 Ke5 52. Nd4 Bc5 53. Nf5 h5 54. Nh6 h4 55. Nf7+ Kf6 56. Nh6 Bf8 57. Nf5 Ke5 58. Nd4 Kd5 59. Nb3 Bb4 60. Nd4 Bc5 61. Nf5 a5 62. Nh6 Be7 63. Ng8 Bd8 64. Nh6 b4 65. Ng8 a4 66. Nh6 Bf6 67. Kc2 Kc4 68. Nf5 b3+ 69. axb3+ axb3+ 70. Kd2 Bc3+ 71. Kc1 Kd3 72. Nd6 Bf6 73. Ne4 Be7 74. Kb2 Ke3 75. Kxb3 Kxf3 76. Nd2+ Ke2 0-1

[Event "CZE-chT2C 0910"]
[Site "Czech Republic"]
[Date "2010.01.31"]
[Round "6.8"]
[White "Vrkota, Milos"]
[Black "Horak, Otakar"]
[Result "0-1"]
[WhiteElo "2100"]
[BlackElo "2149"]
[PlyCount "62"]
[EventDate "2009.10.18"]
[EventType "team-tourn"]
[EventRounds "11"]
[EventCountry "CZE"]
[SourceTitle "EXT 2011"]
[Source "ChessBase"]
[SourceDate "2010.11.26"]
[SourceVersion "1"]
[SourceVersionDate "2010.11.26"]
[SourceQuality "1"]
[WhiteTeam "Kutna Hora"]
[BlackTeam "Mlada Boleslav"]
[WhiteTeamCountry "CZE"]
[BlackTeamCountry "CZE"]

1. e4 c5 2. Nc3 Nc6 3. f4 g6 4. Nf3 Bg7 5. Bb5 Nd4 6. Bd3 d6 7. Nxd4 cxd4 8. Ne2 Nh6 9. 0-0 0-0 10. h3 e6 11. c3 dxc3 12. dxc3 Qb6+ 13. Kh2 Bd7 14. Ng3 f5 15. exf5 exf5 16. Bc4+ Kh8 17. Qb3 Qc5 18. Bd5 Bc6 19. Rd1 Rae8 20. a4 Ng8 21. Ra3 Nf6 22. Bxc6 Qxc6 23. Qb5 d5 24. Rb3 Rf7 25. Rb4 Rd7 26. Qxc6 bxc6 27. Kg1 Bf8 28. Rb3 Bc5+ 29. Kf1 Rde7 30. a5 h5 31. h4 Ng4 0-1

[Event "CZE-chT2C 0910"]
[Site "Czech Republic"]
[Date "2009.11.22"]
[Round "3.8"]
[White "Horak, Otakar"]
[Black "Straka, Vojtech"]
[Result "1/2-1/2"]
[WhiteElo "2149"]
[BlackElo "2044"]
[PlyCount "60"]
[EventDate "2009.10.18"]
[EventType "team-tourn"]
[EventRounds "11"]
[EventCountry "CZE"]
[SourceTitle "EXT 2011"]
[Source "ChessBase"]
[SourceDate "2010.11.26"]
[SourceVersion "1"]
[SourceVersionDate "2010.11.26"]
[SourceQuality "1"]
[WhiteTeam "Mlada Boleslav"]
[BlackTeam "Praha Oaza"]
[WhiteTeamCountry "CZE"]
[BlackTeamCountry "CZE"]

1. d4 d5 2. c4 c6 3. Nc3 Nf6 4. Nf3 dxc4 5. a4 Bf5 6. e3 e6 7. Bxc4 Bb4 8. 0-0 0-0 9. Qe2 Nbd7 10. e4 Bg6 11. e5 Nd5 12. Bd2 Qe7 13. Rfc1 N7b6 14. Bb3 a5 15. Ng5 Rac8 16. Nge4 h6 17. h3 Rfd8 18. Be3 Nxc3 19. Nxc3 Qd7 20. Rd1 Nd5 21. Nxd5 cxd5 22. Rac1 Rxc1 23. Rxc1 Rc8 24. Rxc8+ Qxc8 25. Bd2 Bc2 26. Bxb4 Bxb3 27. Bxa5 Qc1+ 28. Be1 Bxa4 29. Qd2 Qc4 30. Qc3 Qxc3 1/2-1/2

[Event "CZE-chT2C 0910"]
[Site "Czech Republic"]
[Date "2009.10.18"]
[Round "1.8"]
[White "Horak, Otakar"]
[Black "Maly, Filip"]
[Result "1-0"]
[WhiteElo "2149"]
[BlackElo "1986"]
[PlyCount "59"]
[EventDate "2009.10.18"]
[EventType "team-tourn"]
[EventRounds "11"]
[EventCountry "CZE"]
[SourceTitle "EXT 2011"]
[Source "ChessBase"]
[SourceDate "2010.11.26"]
[SourceVersion "1"]
[SourceVersionDate "2010.11.26"]
[SourceQuality "1"]
[WhiteTeam "Mlada Boleslav"]
[BlackTeam "Ricany"]
[WhiteTeamCountry "CZE"]
[BlackTeamCountry "CZE"]

1. d4 Nf6 2. Nf3 g6 3. c4 Bg7 4. Nc3 0-0 5. g3 d6 6. Bg2 Nbd7 7. 0-0 Re8 8. h3 c6 9. Re1 Qc7 10. e4 e5 11. Qc2 a5 12. Be3 Nf8 13. Rac1 Nh5 14. dxe5 dxe5 15. Na4 f5 16. Nb6 Ra6 17. Nxc8 Qxc8 18. exf5 gxf5 19. c5 h6 20. Rcd1 Nf6 21. Nh4 e4 22. Bd4 Ra8 23. f3 Ne6 24. Bxf6 Bxf6 25. Nxf5 exf3 26. Nd6 Qc7 27. Nxe8 Qxg3 28. Nxf6+ Kf7 29. Nh5 Qg5 30. Rf1 1-0

[Event "CZE-chT2C 0809"]
[Site "Czech Republic"]
[Date "2009.03.22"]
[Round "10.5"]
[White "Houska, Bronislav"]
[Black "Horak, Otakar"]
[Result "1/2-1/2"]
[WhiteElo "2060"]
[BlackElo "2132"]
[PlyCount "32"]
[EventDate "2008.10.12"]
[EventType "team-tourn"]
[EventRounds "11"]
[EventCountry "CZE"]
[SourceTitle "EXT 2010"]
[Source "ChessBase"]
[SourceDate "2010.11.25"]
[SourceVersion "1"]
[SourceVersionDate "2010.11.25"]
[SourceQuality "1"]
[WhiteTeam "Polabiny III"]
[BlackTeam "Mlada Boleslav"]
[WhiteTeamCountry "CZE"]
[BlackTeamCountry "CZE"]

1. c4 Nf6 2. Nc3 d5 3. cxd5 Nxd5 4. d4 g6 5. e4 Nxc3 6. bxc3 Bg7 7. Nf3 c5 8. Rb1 0-0 9. Be2 Nc6 10. Be3 Qa5 11. 0-0 Rd8 12. d5 b6 13. Qc2 Ne5 14. Nxe5 Bxe5 15. Rfc1 Bd7 16. Bg5 Re8 1/2-1/2